Photocatalytic membranes What does the future hold in integrated photocatalysis/membrane technology applications? /

Elmentve itt :
Bibliográfiai részletek
Szerzők: Kuvarega Alex T.
Mamba Bhekie B.
Testületi szerző: Proceedings of the 5th International Conference on NPM and the 6th International Conference on PAOT (2021) (Szeged)
Dokumentumtípus: Könyv része
Megjelent: University of Szeged Szeged 2021
Sorozat:Proceedings of the 5th International Conference on NPM and the 6th International Conference on PAOT
Kulcsszavak:Nanotechnológia - előadáskivonat, Fotokatalízis - előadáskivonat, Fizikai kémia - előadáskivonat
Tárgyszavak:
Online Access:http://acta.bibl.u-szeged.hu/76832
LEADER 01110naa a2200229 i 4500
001 acta76832
005 20221108130821.0
008 221104s2021 hu o 1|| eng d
020 |a 978-963-306-789-5 
040 |a SZTE Egyetemi Kiadványok Repozitórium  |b hun 
041 |a eng 
100 1 |a Kuvarega Alex T. 
245 1 0 |a Photocatalytic membranes  |h [elektronikus dokumentum] :  |b What does the future hold in integrated photocatalysis/membrane technology applications? /  |c  Kuvarega Alex T. 
260 |a University of Szeged  |b Szeged  |c 2021 
300 |a 78 
490 0 |a Proceedings of the 5th International Conference on NPM and the 6th International Conference on PAOT 
650 4 |a Természettudományok 
650 4 |a Kémiai tudományok 
695 |a Nanotechnológia - előadáskivonat, Fotokatalízis - előadáskivonat, Fizikai kémia - előadáskivonat 
700 0 1 |a Mamba Bhekie B.  |e aut 
710 |a Proceedings of the 5th International Conference on NPM and the 6th International Conference on PAOT (2021) (Szeged) 
856 4 0 |u http://acta.bibl.u-szeged.hu/76832/1/npm_005_paot_006_078.pdf  |z Dokumentum-elérés